Competence in construction (Record no. 115409)

MARC details
000 -LEADER
fixed length control field 01848cad a22002535a 4500
001 - CONTROL NUMBER
control field L158600
008 - FIXED-LENGTH DATA ELEMENTS--GENERAL INFORMATION
fixed length control field 110602s2014 xxk f 000 0 eng d
035 ## - SYSTEM CONTROL NUMBER
System control number (Sirsi) u158600
041 0# - LANGUAGE CODE
Language code of text/sound track or separate title eng
110 2# - MAIN ENTRY--CORPORATE NAME
Corporate name or jurisdiction name as entry element Construction Industry Training Board
9 (RLIN) 2980
245 00 - TITLE STATEMENT
Title Competence in construction
Medium [electronic resource]
260 ## - PUBLICATION, DISTRIBUTION, ETC.
Place of publication, distribution, etc. Harrogate
Name of publisher, distributor, etc. CITB
Date of publication, distribution, etc. 2014
520 ## - SUMMARY, ETC.
Summary, etc. The CITB with support from the HSE commissioned Pye Tait Consulting in early 2014 to undertake this research in order to update/refresh aspects of the Routes to Competence study from 2011 including various consultations and initiatives that have taken place within the construction industry at all levels since the publication of that report. Considers factors that influence decisions on developing the workforce, the benefit of H&S training and occupational training, as well as consulted with industry on the descriptors 'information, instruction, training and supervision' for the purposes of effective health and safety in the construction workplace. This was supplemented by consultation with stakeholders on an overarching framework for competence that could help identify what contributes towards a healthy, safe and productive workplace; finally, and as a result, recommendations for a future industry process for developing and recording components of competence have been put forward.
590 ## - LOCAL NOTE (RLIN)
Local note KA NTK
650 24 - SUBJECT ADDED ENTRY--TOPICAL TERM
Topical term or geographic name entry element BIM
9 (RLIN) 6219
650 24 - SUBJECT ADDED ENTRY--TOPICAL TERM
Topical term or geographic name entry element COMPETENCE
651 #4 - SUBJECT ADDED ENTRY--GEOGRAPHIC NAME
Geographic name United Kingdom
Chronological subdivision
690 ## - LOCAL SUBJECT ADDED ENTRY--TOPICAL TERM (OCLC, RLIN)
Topical term or geographic name as entry element Health and safety
9 (RLIN) 6244
690 ## - LOCAL SUBJECT ADDED ENTRY--TOPICAL TERM (OCLC, RLIN)
Topical term or geographic name as entry element BUILT ENVIRONMENT-CONSTRUCTION MARKET
710 1# - ADDED ENTRY--CORPORATE NAME
Corporate name or jurisdiction name as entry element Pye Tait Consulting
9 (RLIN) 6027
710 1# - ADDED ENTRY--CORPORATE NAME
Corporate name or jurisdiction name as entry element Great Britain
Subordinate unit Health and Safety Executive
856 40 - ELECTRONIC LOCATION AND ACCESS
Uniform Resource Identifier <a href="https://www.citb.co.uk/documents/news%20and%20events/competence-construction-report-september-2014.pdf">https://www.citb.co.uk/documents/news%20and%20events/competence-construction-report-september-2014.pdf</a>
Public note View this item free of charge at www.citb.co.uk
942 ## - ADDED ENTRY ELEMENTS (KOHA)
Suppress in OPAC 0
Holdings
Withdrawn status Lost status Source of classification or shelving scheme Damaged status Not for loan Home library Current library Shelving location Date acquired Total Checkouts Full call number Barcode Date last seen Copy number Price effective from Koha item type
    Dewey Decimal Classification     Virtual Virtual Online 12/05/2015   ONLINE PUBLICATION 158600-2001 06/08/2019 1 06/08/2019 Book